000 00473nam a2200181Ia 4500
008 230711s9999||||xx |||||||||||||| ||und||
020 _a978-81-309-1919-5
041 _aENG
082 _a541.3
_bMC-P
100 _aMcQuarrie,Donald A
245 0 _aPhysical Chemistry : A Molecular Approach
250 _a1st Reprinted Ed.
260 _c2018
_aNew Delhi
_bViva Books Private Limited
300 _a1270p.
650 _aChemistry
700 _aSimon, John D
942 _cBK
999 _c6908
_d6908